000 00599nam a2200217 i 4500
001 C2-0267863
003 PPAK
005 20180727234948.0
008 060808s2005 my |||| ||||| | may d
040 _aPPAK
_beng
_cPPAK
_erda
082 0 4 _a338.9595
_223
090 0 0 _a338.9595
_bDAS
_dKK
245 0 0 _aDasar Ekonomi Baru
_bPetikan dari Dewan Masyarakat Oktober 2005
264 1 _aKuala Lumpur :
_c2005
300 _a23 pages ;
_c30 cm
336 _2rdacontent
_atext
337 _2rdamedia
_aunmediated
338 _2rdacarrier
_avolume
650 1 0 _aMalaysia- Economic policy
942 _ddc
_cB
999 _c76772
_d76772